[Event "Noblesville Snow Memorial"]
[Site "Noblesville"]
[Date "2022.09.17"]
[Round "2"]
[White "Cheng, Alex"]
[Black "Elshazly, Mohamed"]
[Result "0-1"]
[WhiteElo "1873"]
[BlackElo "2048"]
[PlyCount "40"]
[EventDate "2022.09.16"]
[EventType "swiss"]
[EventRounds "5"]
[EventCountry "USA"]
[SourceTitle "EXT 2023"]
[Source "ChessBase"]
[SourceDate "2022.10.05"]
[SourceVersion "1"]
[SourceVersionDate "2022.10.05"]
[SourceQuality "1"]

1. d4 Nf6 2. c4 g6 3. Nf3 Bg7 4. g3 c6 5. Nc3 d5 6. Bg2 0-0 7. cxd5 cxd5 8. 0-0 Nc6 9. e3 h6 10. Ne5 Nxe5 11. dxe5 Nd7 12. Nxd5 Nxe5 13. Rb1 Bd7 14. f4 Nc6 15. Bd2 e6 16. Nb4 Qb6 17. Nd3 Rfd8 18. Qe2 Ne7 19. Rfd1 Bb5 20. Bb4 Bxd3 0-1

[Event "Noblesville Snow Memorial"]
[Site "Noblesville"]
[Date "2022.09.17"]
[Round "3"]
[White "Elshazly, Mohamed"]
[Black "Yanayt, Eugene"]
[Result "0-1"]
[WhiteElo "2048"]
[BlackElo "2200"]
[PlyCount "70"]
[EventDate "2022.09.16"]
[EventType "swiss"]
[EventRounds "5"]
[EventCountry "USA"]
[SourceTitle "EXT 2023"]
[Source "ChessBase"]
[SourceDate "2022.10.05"]
[SourceVersion "1"]
[SourceVersionDate "2022.10.05"]
[SourceQuality "1"]

1. c4 e5 2. g3 Nc6 3. Bg2 f5 4. d3 Nf6 5. Nd2 Bc5 6. Nh3 d5 7. 0-0 d4 8. a3 a5 9. Qc2 0-0 10. f4 e4 11. Kh1 Re8 12. Nb3 Bf8 13. Nd2 Ng4 14. Nb1 e3 15. Ng5 Nh6 16. c5 Kh8 17. Qc4 a4 18. b4 axb3 19. Qxb3 Bxc5 20. Bb2 Ra6 21. a4 Be7 22. Nf3 Rb6 23. Qc2 Nb4 24. Qc1 c5 25. Na3 Be6 26. Ne5 Bd5 27. Nf3 Ng4 28. Nc4 Rh6 29. h3 Nf2+ 30. Kh2 Bxf3 31. Bxf3 Rxh3+ 32. Kg2 Bh4 33. gxh4 Qxh4 34. Rg1 Rh2+ 35. Kf1 Nfxd3 0-1